ذيل مرآة الزمان.;; Jayl Mirʼāt al-zamān. (Record no. 78836)
[ view plain ]
| 000 -LEADER | |
|---|---|
| fixed length control field | 01154cam a22002414a 4500 |
| 001 - CONTROL NUMBER | |
| control field | 78836 |
| 003 - CONTROL NUMBER IDENTIFIER | |
| rucl marc code | BD-RjUL |
| 005 - DATE AND TIME OF LATEST TRANSACTION | |
| control field | 20211209083159.0 |
| 008 - FIXED-LENGTH DATA ELEMENTS--GENERAL INFORMATION | |
| fixed length control field | 211121s19541374ts b f001 0 ara |
| 035 ## - SYSTEM CONTROL NUMBER | |
| System control number | (BD-RjUL)79063 |
| 040 ## - CATALOGING SOURCE | |
| Original cataloging agency | DLC-R |
| Transcribing agency | DLC-R |
| Modifying agency | DLC |
| Language of cataloging | eng |
| 041 ## - LANGUAGE CODE | |
| Language code of text/sound track or separate title | ara |
| 082 ## - DEWEY DECIMAL CLASSIFICATION NUMBER | |
| Edition number | 23 |
| Classification number | 297.09022 |
| Author mark and year | YUJ 1954 |
| 100 1# - MAIN ENTRY--PERSONAL NAME | |
| Personal name | يونيني، موسى بن محمد. ;; Yūnīnī, Mūsá ibn Muḥammad, |
| Dates associated with a name | 1242 or 1243-1325 or 1326. |
| 9 (RLIN) | 250250 |
| 245 10 - TITLE STATEMENT | |
| Title | ذيل مرآة الزمان.;; Jayl Mirʼāt al-zamān. |
| Name of part/section of a work | تاريخ السنوات، 697-711 هـ/1297-1312 م / ;; Tārīkh al-sanawāt, 697-711 H/1297-1312 M / |
| Statement of responsibility, etc. | تأليف قطب الدين موسى بن محمد اليونيني ؛ دراسة وتحقيق حمزة أحمد عباس.;; taʼlīf Quṭb al-Dīn Mūsá ibn Muḥammad al-Yūnīnī |
| 260 ## - PUBLICATION, DISTRIBUTION, ETC. (IMPRINT) | |
| Place of publication, distribution, etc. | hind : |
| Name of publisher, distributor, etc. | majlis i dairal maref al amania, |
| Date of publication, distribution, etc. | 1954 |
| 300 ## - PHYSICAL DESCRIPTION | |
| Pagination | 3 v. (1896 p.) ; |
| Size | 24 cm. |
| 504 ## - BIBLIOGRAPHY, ETC. NOTE | |
| Bibliography, etc | Includes bibliographical references and indexes. |
| 505 ## - FORMATTED CONTENTS NOTE | |
| Formatted contents note | Vol.1.-- |
| 650 #0 - SUBJECT ADDED ENTRY--TOPICAL TERM | |
| Topical term or geographic name as entry element | Mamelukes |
| Form subdivision | Early works to 1800. |
| 9 (RLIN) | 250251 |
| 651 #0 - SUBJECT ADDED ENTRY--GEOGRAPHIC NAME | |
| Geographic name | Islamic Empire |
| General subdivision | History |
| Chronological subdivision | 1258-1517 |
| Form subdivision | Early works to 1800. |
| 9 (RLIN) | 250252 |
| 942 ## - ADDED ENTRY ELEMENTS (KOHA) | |
| Source of classification or shelving scheme | Dewey Decimal Classification |
| Koha item type | Books |
| Lost status | Source of classification or shelving scheme | Damaged status | Not for loan | Collection code | Permanent Location | Current Location | Shelving location | Date acquired | Source of acquisition | Cost, normal purchase price | Total Checkouts | Full call number | Date last seen | Copy number | Koha item type |
|---|---|---|---|---|---|---|---|---|---|---|---|---|---|---|---|
| Dewey Decimal Classification | Not For Loan | Non-fiction | Central Library, University of Rajshahi | Central Library, University of Rajshahi | Reading Room | 18/09/1968 | zeitlinger | 105.00 | A 297.09022 YUJ V-1 1954 | 21/11/2021 | C-1 | Books | |||
| Dewey Decimal Classification | Not For Loan | Non-fiction | Central Library, University of Rajshahi | Central Library, University of Rajshahi | Reading Room | Zeitlinger | 105.00 | A 297.09022 V-1-2 YUJ 1954 | 09/01/2022 | C-1 | Books |